A CROSS SECTIONAL STUDY OF ASSOCIATION OF SLEEP QUALITY COMPONENTS AND MENTAL HEALTH IN UNDERGRADUATE STUDENTS OF SGT UNIVERSITY GURGAON, HARYANA, INDIA (Record no. 26573)

MARC details
000 -LEADER
fixed length control field 00439nam a22001457a 4500
003 - CONTROL NUMBER IDENTIFIER
control field SGT
082 ## - DEWEY DECIMAL CLASSIFICATION NUMBER
Classification number 616.89
Item number A21S
100 ## - MAIN ENTRY--PERSONAL NAME
Personal name SHEOKAND, NIYATI
245 ## - TITLE STATEMENT
Title A CROSS SECTIONAL STUDY OF ASSOCIATION OF SLEEP QUALITY COMPONENTS AND MENTAL HEALTH IN UNDERGRADUATE STUDENTS OF SGT UNIVERSITY GURGAON, HARYANA, INDIA
260 ## - PUBLICATION, DISTRIBUTION, ETC. (IMPRINT)
Place of publication, distribution, etc GURUGRAM
Name of publisher, distributor, etc SGT UNIVERSITY
Year of Publication 2021
300 ## - PAGE DESCRIPTION
No. of Pages 74
650 ## - SUBJECT ADDED ENTRY--TOPICAL TERM
Topical term or geographic name as entry element PSYCHIATRY
653 ## - KEYWORDS--INDEX TERM
Keyword term M.D
942 ## - ADDED ENTRY ELEMENTS (KOHA)
Source of classification or shelving scheme Dewey Decimal Classification
Koha item type Thesis/Dissertation
Holdings
Withdrawn status Lost status Source of classification or shelving scheme Damaged status Use restrictions Not for loan Collection code Home library Current library Shelving location Date acquired Total Checkouts Full call number Accession No. (Barcode) Date last seen Bill Date Koha item type
    Dewey Decimal Classification   Restricted Access Not For Loan MEDICAL SGT Medical Library SGT Medical Library Reference Book 25/06/2024   616.89 A21S DT1848 25/06/2024 25/06/2024 Thesis/Dissertation